000 00976nam a2200253Ia 4500
003 Ost
005 20260507074927.0
008 260507s9999||||xx |||||||||||||| ||und||
020 _a97737920117
040 _cfsecg
041 _aara
082 _a658.81
100 _aالصيرفي، محمد
_eمؤلف
245 0 _aإدارة المبيعات /
_c محمد الصيرفي
260 _aاالاسكندرية:
_bدار الفكر الجامعي,
_c2007
300 _a371 صفحة؛
_bإيضاحات ؛
_c24 سم
504 _aببليوغرافيا: ص.365
520 _aالعملية البيعية، تخطيط النشاط البيعي، تنظيم النشاط البيعي، توجيه النشاط البيعي، تقييم أداء رجال البيع، نصائح بيعية وتطبيقات عملية
653 _aادارة المبيعات
653 _aالادارة
653 _aالبيع
653 _aالتخطيط
942 _cكتاب
999 _c41834
_d41834